Tour de France stage winners – Sudden death - Statistics

General Stats
  • This quiz has been taken 120 times
  • The average score is 7 of 15
Answers on the Grid
Answers color-coded by a green-red scale on the quiz's grid according to % correct below.
Tadej Pogačar
Jonas Vingegaard
Primož Roglič
Olav Kooij
Nans Peters
Sandy Casar
Davide Formolo
Chris Harper
Iljo Keisse
Rui Costa
João Almeida
Zdeněk Štybar
Enric Mas
Alejandro Valverde
Peter Sagan
Lorenzo Fortunato
Jakub Mareczko
Dries Devenyns
Robert Gesink
Geraint Thomas
Wilco Kelderman
Pierrick Fédrigo
Giacomo Nizzolo
Matteo Trentin
Tom Pidcock
Antonio Tiberi
Sepp Kuss
Luc Leblanc
Rein Taaramäe
Nicolas Roche
 
Answer Stats
Answer % Correct
Tadej Pogačar
98%
Jonas Vingegaard
96%
Primož Roglič
79%
Geraint Thomas
66%
Peter Sagan
65%
Tom Pidcock
56%
Alejandro Valverde
51%
Rui Costa
38%
Sepp Kuss
37%
Matteo Trentin
34%
Nans Peters
33%
Sandy Casar
27%
Luc Leblanc
23%
Pierrick Fédrigo
20%
Zdeněk Štybar
20%
No matching quizzes found
Score Distribution
Percent of People with Each Score
Percentile by Number Answered
Your Score History
You have not taken this quiz